Uplatňovanie princípu partnerstva v programovaní hospodárskeho a sociálneho rozvoja regiónu diplomová práca

Na minha lista:
Detalhes bibliográficos
Autor principal: Zatkalík, Michal
Autor Corporativo: Národohospodárska fakulta EU. Katedra verejnej správy a regionálneho rozvoja
Outros Autores: Hamalová, Marta
Formato: Livro
Idioma:eslovaco
Publicado em: Bratislava 2008
Tags: Adicionar Tag
Sem tags, seja o primeiro a adicionar uma tag!

MARC

LEADER 00000nam$a2200000$$$4500
001 0077608
005 20240201120623.0
041 0 |a slo 
044 |a SK 
245 1 0 |a Uplatňovanie princípu partnerstva v programovaní hospodárskeho a sociálneho rozvoja regiónu  |b diplomová práca  |c Michal Zatkalík ; škol. Marta Hamalová 
264 1 |a Bratislava  |c 2008 
300 |a 92 s. 
100 1 |a Zatkalík, Michal 
700 1 |a Hamalová, Marta 
710 2 |a Národohospodárska fakulta EU. Katedra verejnej správy a regionálneho rozvoja